| 000 | 00610nam a2200241Ia 4500 | ||
|---|---|---|---|
| 008 | 170203s9999 xx 000 0 und d | ||
| 020 | _a0 753413108 (set) | ||
| 050 | _a0 30 | ||
| 050 | _bT374 2005 | ||
| 245 | 4 | _aThe Grolier science encyclopedia / | |
| 260 | _aLondon : | ||
| 260 | _b Kingfisher Publications Plc, | ||
| 260 | _c2005 | ||
| 300 | _a10 volumes : | ||
| 300 | _billustrations : | ||
| 300 | _c28 cm. | ||
| 440 | _vvol. 3 | ||
| 650 | _aScience -- | ||
| 650 | _aScience -- | ||
| 650 | _xEncyclopedias, Juvenile. | ||
| 650 | _xEncyclopedias. | ||
| 700 | _aHuman biology, Content. | ||
| 999 |
_c305929 _d305929 |
||